(Registro nro. 1690)

Detalles MARC
000 -CABECERA
campo de control de longitud fija 01202nam a22002654a 4500
003 - IDENTIFICADOR DEL NÚMERO DE CONTROL
campo de control AR-RoIUNI
005 - FECHA Y HORA DE LA ÚLTIMA TRANSACCIÓN
campo de control 20160425110909.0
007 - CAMPO FIJO DE DESCRIPCIÓN FÍSICA--INFORMACIÓN GENERAL
campo de control de longitud fija ta
008 - DATOS DE LONGITUD FIJA--INFORMACIÓN GENERAL
campo de control de longitud fija 150616s2007 ag r 000 0 spa d
020 ## - NÚMERO INTERNACIONAL ESTÁNDAR DEL LIBRO
Número Internacional Estándar del Libro 9789501265279
040 ## - FUENTE DE LA CATALOGACIÓN
Centro/agencia transcriptor
080 ## - NÚMERO DE LA CLASIFICACIÓN DECIMAL UNIVERSAL
Número de la Clasificación Decimal Universal 1(38)
100 1# - ENTRADA PRINCIPAL--NOMBRE DE PERSONA
Nombre de persona Onfray, Michel.
245 10 - MENCIÓN DE TÍTULO
Título Cinismos :
Resto del título retrato de los fílósofos llamados perros /
Mención de responsabilidad, etc. Michel Onfray ; traducción de Alcira Bixio.
250 ## - MENCIÓN DE EDICIÓN
Mención de edición 1a. ed., 3a. reimpr.
260 ## - PUBLICACIÓN, DISTRIBUCIÓN, ETC. (PIE DE IMPRENTA)
Lugar de publicación, distribución, etc. Buenos Aires :
Nombre del editor, distribuidor, etc. Paidós,
Fecha de publicación, distribución, etc. 2007.
300 ## - DESCRIPCIÓN FÍSICA
Extensión 236 p. ;
Dimensiones 21 cm
490 0# - MENCIÓN DE SERIE
Mención de serie Espacios del saber ;
Designación de volumen o secuencia 27
500 ## - NOTA GENERAL
Nota general Bibliografía: p. 221-236
505 1# - NOTA DE CONTENIDO CON FORMATO
Nota de contenido con formato 1. Emblemas del perro -- 2. Retratos con barba y otras pilosidades -- 3. La virtud del pez masturbador -- 4. El voluntarismo estético -- 5. Principios para una ética lúdica -- 6. Los juegos del filósofo - artista -- 7. Metodología del flatómano -- 8. Estrategias subversivas -- 9. Breve teoría del escándalo -- 10. Las fiestas del monedero falso -- 11. Gemonias para dioses y amos -- 12. Exégesis de tres lugares comunes -- Apéndice: fragmentos de cinismo vulgar.
650 #4 - PUNTO DE ACCESO ADICIONAL DE MATERIA--TÉRMINO DE MATERIA
Término de materia o nombre geográfico como elemento inicial PSICOLOGÍA
650 #4 - PUNTO DE ACCESO ADICIONAL DE MATERIA--TÉRMINO DE MATERIA
Término de materia o nombre geográfico como elemento inicial FILOSOFÍA
700 1# - PUNTO DE ACCESO ADICIONAL--NOMBRE DE PERSONA
Nombre de persona Bixio, Alcira.
942 ## - ELEMENTOS DE PUNTO DE ACCESO ADICIONAL (KOHA)
Tipo de ítem Koha Libros
Fuente del sistema de clasificación o colocación Clasificación Decimal Universal
Existencias
Estado de retiro Estado de pérdida Fuente del sistema de clasificación o colocación Estado dañado Excepción de préstamo Código de colección Localización permanente Ubicación/localización actual Ubicación en estantería Fecha de adquisición Número de inventario Total de préstamos Signatura topográfica completa Código de barras Fecha visto por última vez Precio válido a partir de Tipo de ítem Koha
    Clasificación Decimal Universal     Psicología BIBLIOTECA RIOBAMBA BIBLIOTECA RIOBAMBA BIBLIOTECA RIOBAMBA 16/06/2015 1691   1(38) ONF 1691 16/06/2015 16/06/2015 Libros